000 00284nam a22001217a 4500
008 170308b xxu||||| |||| 00| 0 eng d
041 _aeng
080 _28TH
_a611
100 _a6
101 _ashm
245 _aDISEASES OF THE LIVER AND BILIARY SYSTEM
_cSHERLOCK, SH
942 _2udc
_cBK
999 _c7211
_d7211